[Event "CRO-chT2"]
[Site "Pula"]
[Date "2000.09.11"]
[Round "1"]
[White "Ponomariov, Ruslan"]
[Black "Farago, Ivan"]
[Result "1-0"]
[WhiteElo "2630"]
[BlackElo "2486"]
[PlyCount "83"]
[EventDate "2000.09.??"]
[EventType "team-swiss"]
[EventRounds "7"]
[EventCountry "CRO"]
[SourceTitle "EXT 2001"]
[Source "ChessBase"]
[SourceDate "2000.11.22"]
[SourceVersion "1"]
[SourceVersionDate "2000.11.22"]
[SourceQuality "1"]

1. e4 e6 2. d4 d5 3. Nd2 c5 4. exd5 exd5 5. Bb5+ Nc6 6. Ne2 c4 7. O-O Bd6 8. b3
cxb3 9. Bxc6+ bxc6 10. axb3 Nf6 11. Ba3 O-O 12. Nf3 Re8 13. Bxd6 Qxd6 14. Re1
Bg4 15. Ne5 c5 16. f3 Bf5 17. Ng3 Bg6 18. Re2 Qb6 19. Nxg6 hxg6 20. Ra4 cxd4
21. Qxd4 Rac8 22. Qxb6 axb6 23. Rd2 Ra8 24. Rb4 Ra2 25. Nf1 Rc8 26. Ne3 Rc6 27.
h4 Ra1+ 28. Kf2 Re6 29. Rbd4 Rc1 30. Nxd5 Nxd5 31. Rxd5 Rc6 32. c4 Rh1 33. Rd6
Rxd6 34. Rxd6 b5 35. cxb5 Rxh4 36. g4 Rh2+ 37. Ke3 Rb2 38. Rd3 Rc2 39. b6 Rc8
40. b7 Re8+ 41. Kd2 f5 42. Rc3 1-0

[Event "CRO-chT2"]
[Site "Pula"]
[Date "2000.09.13"]
[Round "2"]
[White "Ponomariov, Ruslan"]
[Black "Gyimesi, Zoltan"]
[Result "1-0"]
[WhiteElo "2630"]
[BlackElo "2539"]
[PlyCount "131"]
[EventDate "2000.09.??"]
[EventType "team-swiss"]
[EventRounds "7"]
[EventCountry "CRO"]
[SourceTitle "EXT 2001"]
[Source "ChessBase"]
[SourceDate "2000.11.22"]
[SourceVersion "1"]
[SourceVersionDate "2000.11.22"]
[SourceQuality "1"]

1. e4 e5 2. Nf3 Nc6 3. d4 exd4 4. Nxd4 Nf6 5. Nxc6 bxc6 6. e5 Qe7 7. Qe2 Nd5 8.
c4 Ba6 9. g3 f6 10. b3 fxe5 11. Bg2 Nf6 12. O-O Qe6 13. Bb2 Bc5 14. Nc3 O-O 15.
Na4 Bb6 16. Nxb6 axb6 17. Qxe5 Qxe5 18. Bxe5 Ra7 19. Rfe1 Bc8 20. a4 Kf7 21.
Bd4 d5 22. Bxf6 Kxf6 23. cxd5 cxd5 24. Bxd5 Rd8 25. Bc4 c5 26. Rad1 Rxd1 27.
Rxd1 Rd7 28. Re1 Rd2 29. h4 h6 30. f3 Bd7 31. Re3 g5 32. hxg5+ hxg5 33. Kf1 Rc2
34. Ke1 Rg2 35. g4 Rc2 36. Kd1 Rg2 37. Rd3 Ke7 38. Rd5 Bc6 39. Rf5 Kd6 40. Ke1
Rb2 41. Rf6+ Kc7 42. Kf1 Rc2 43. f4 gxf4 44. Rxf4 Bg2+ 45. Ke1 Bc6 46. Rf7+ Kd6
47. Rf6+ Kc7 48. g5 Be4 49. Rf4 Bg6 50. Kf1 Rb2 51. Bf7 Bd3+ 52. Kg1 Kd6 53.
Rf3 Be4 54. Rg3 Ke7 55. g6 Rb1+ 56. Kf2 Rb2+ 57. Ke1 Rb1+ 58. Kd2 Rb2+ 59. Ke3
Rg2 60. Rxg2 Bxg2 61. Kf4 Kf6 62. Bc4 Bh1 63. g7 Kxg7 64. Ke5 Kf8 65. Kd6 Ke8
66. Kc7 1-0

[Event "CRO-chT2"]
[Site "Pula"]
[Date "2000.09.13"]
[Round "3"]
[White "Varga, Zoltan"]
[Black "Ponomariov, Ruslan"]
[Result "1/2-1/2"]
[WhiteElo "2541"]
[BlackElo "2630"]
[PlyCount "44"]
[EventDate "2000.09.??"]
[EventType "team-swiss"]
[EventRounds "7"]
[EventCountry "CRO"]
[SourceTitle "EXT 2001"]
[Source "ChessBase"]
[SourceDate "2000.11.22"]
[SourceVersion "1"]
[SourceVersionDate "2000.11.22"]
[SourceQuality "1"]

1. e4 g6 2. d4 Bg7 3. Be3 d6 4. Qd2 a6 5. f3 Nf6 6. c4 c6 7. a4 a5 8. Na3 Na6
9. Ne2 O-O 10. Nc3 e5 11. d5 Nc5 12. Rd1 Nb3 13. Qf2 Nd4 14. Bd3 Nh5 15. O-O c5
16. Nab5 Qe7 17. Ne2 Nxe2+ 18. Qxe2 Nf4 19. Qd2 Nxd3 20. Qxd3 Bd7 21. Qd2 b6
22. Nc3 f5 1/2-1/2

[Event "CRO-chT2"]
[Site "Pula"]
[Date "2000.09.14"]
[Round "4"]
[White "Ponomariov, Ruslan"]
[Black "Ruck, Robert"]
[Result "1-0"]
[WhiteElo "2630"]
[BlackElo "2489"]
[PlyCount "61"]
[EventDate "2000.09.??"]
[EventType "team-swiss"]
[EventRounds "7"]
[EventCountry "CRO"]
[SourceTitle "EXT 2001"]
[Source "ChessBase"]
[SourceDate "2000.11.22"]
[SourceVersion "1"]
[SourceVersionDate "2000.11.22"]
[SourceQuality "1"]

1. e4 c6 2. d4 d5 3. Nc3 dxe4 4. Nxe4 Bf5 5. Ng3 Bg6 6. h4 h6 7. Nf3 Nd7 8. h5
Bh7 9. Bd3 Bxd3 10. Qxd3 e6 11. Bf4 Qa5+ 12. Bd2 Qb5 13. c4 Qxb2 14. Rb1 Qxa2
15. O-O Qa3 16. Qxa3 Bxa3 17. Rxb7 Be7 18. Ra1 Ngf6 19. Ne5 Nxe5 20. dxe5 Nd7
21. Bc3 Rf8 22. Ne4 f5 23. Nd6+ Bxd6 24. exd6 Rf7 25. Raxa7 Rxa7 26. Rxa7 Nb6
27. Ra6 Nxc4 28. Rxc6 Na3 29. Rc8+ Kd7 30. Rc7+ Ke8 31. Rxf7 1-0

[Event "CRO-chT2"]
[Site "Pula"]
[Date "2000.09.15"]
[Round "5"]
[White "Filipovic, Marko"]
[Black "Ponomariov, Ruslan"]
[Result "0-1"]
[WhiteElo "2272"]
[BlackElo "2630"]
[PlyCount "74"]
[EventDate "2000.09.??"]
[EventType "team-swiss"]
[EventRounds "7"]
[EventCountry "CRO"]
[SourceTitle "EXT 2001"]
[Source "ChessBase"]
[SourceDate "2000.11.22"]
[SourceVersion "1"]
[SourceVersionDate "2000.11.22"]
[SourceQuality "1"]

1. d4 Nf6 2. c4 c5 3. d5 b5 4. cxb5 a6 5. f3 g6 6. e4 Bg7 7. Nc3 O-O 8. Nh3 d6
9. Nf2 Nbd7 10. a4 Ne8 11. Bd2 Nc7 12. Be2 axb5 13. axb5 Rb8 14. O-O Nb6 15.
Qc1 Bd7 16. Bh6 f6 17. Bxg7 Kxg7 18. f4 Nc8 19. h4 Bxb5 20. Ng4 Bd7 21. Ne3 Rb4
22. Nc2 Rb7 23. Ne3 Na7 24. f5 gxf5 25. Nxf5+ Kh8 26. Ra3 Bxf5 27. Rxf5 Rg8 28.
Ba6 Rb4 29. Be2 Nab5 30. Nxb5 Nxb5 31. Bxb5 Rxb5 32. Rf4 Qb6 33. Ra2 Rb3 34.
Kh2 Rbg3 35. Rf2 R3g4 36. Qc2 Qb4 37. Re2 Rxh4+ 0-1

[Event "CRO-chT2"]
[Site "Pula"]
[Date "2000.09.16"]
[Round "6"]
[White "Ponomariov, Ruslan"]
[Black "Rogic, Davor"]
[Result "1-0"]
[WhiteElo "2630"]
[BlackElo "2501"]
[PlyCount "93"]
[EventDate "2000.09.??"]
[EventType "team-swiss"]
[EventRounds "7"]
[EventCountry "CRO"]
[SourceTitle "EXT 2001"]
[Source "ChessBase"]
[SourceDate "2000.11.22"]
[SourceVersion "1"]
[SourceVersionDate "2000.11.22"]
[SourceQuality "1"]

1. d4 d5 2. c4 c6 3. Nc3 Nf6 4. e3 e6 5. Nf3 Nbd7 6. Qc2 Bd6 7. Bd3 O-O 8. O-O
dxc4 9. Bxc4 a6 10. Rd1 b5 11. Be2 Qc7 12. Ne4 Nxe4 13. Qxe4 Be7 14. Bd2 Bb7
15. Rac1 c5 16. Qb1 Qb6 17. dxc5 Nxc5 18. Bc3 Be4 19. Qa1 f6 20. Nd2 Bg6 21. b4
Nd3 22. Bxd3 Bxd3 23. Bd4 Qb7 24. Nb3 Be4 25. Na5 Qb8 26. Bc5 Bxc5 27. Rxc5 Rd8
28. f3 Rxd1+ 29. Qxd1 Bd5 30. a3 Ra7 31. Qd4 Rf7 32. e4 Ba8 33. Nb3 h6 34. Rc3
Kh7 35. Nc5 Qb6 36. Rd3 e5 37. Qe3 Rc7 38. h4 a5 39. Qd2 axb4 40. axb4 Bc6 41.
Rd8 Qa7 42. Kh2 Re7 43. Rc8 Bd7 44. Rf8 Be6 45. Qd8 Bf7 46. Rh8+ Kg6 47. Qc8
1-0

[Event "CRO-chT2"]
[Site "Pula"]
[Date "2000.09.17"]
[Round "7"]
[White "Bulat, Ante"]
[Black "Ponomariov, Ruslan"]
[Result "0-1"]
[WhiteElo "2304"]
[BlackElo "2630"]
[PlyCount "56"]
[EventDate "2000.09.??"]
[EventType "team-swiss"]
[EventRounds "7"]
[EventCountry "CRO"]
[SourceTitle "EXT 2001"]
[Source "ChessBase"]
[SourceDate "2000.11.22"]
[SourceVersion "1"]
[SourceVersionDate "2000.11.22"]
[SourceQuality "1"]

1. Nf3 Nf6 2. g3 g6 3. Bg2 Bg7 4. O-O O-O 5. c4 d6 6. d4 Nc6 7. Nc3 a6 8. d5
Na5 9. Nd2 c5 10. a3 Ng4 11. Qc2 b5 12. cxb5 axb5 13. b4 Nc4 14. bxc5 Nce3 15.
fxe3 Nxe3 16. Qb2 Nxf1 17. Nxf1 Qa5 18. Bd2 b4 19. Rc1 Qxc5+ 20. Kh1 Rxa3 21.
Qc2 bxc3 22. Bg5 Qa7 23. h4 Bf5 24. e4 Ra2 25. Qd3 Bg4 26. Be3 Qa3 27. Nh2 Qb2
28. Rg1 Bh3 0-1

[Event "EU-Cup 16th"]
[Site "Neum"]
[Date "2000.09.30"]
[Round "7.1"]
[White "Ponomariov, Ruslan"]
[Black "Dreev, Alexey"]
[Result "1-0"]
[WhiteElo "2630"]
[BlackElo "2676"]
[PlyCount "123"]
[EventDate "2000.09.24"]
[EventType "team-swiss"]
[EventRounds "7"]
[EventCountry "BIH"]
[SourceTitle "CBM 080"]
[Source "ChessBase"]
[SourceDate "2001.01.25"]
[SourceVersion "1"]
[SourceVersionDate "2001.01.25"]
[SourceQuality "1"]
[WhiteTeam "Donetsk"]
[BlackTeam "Tomsk Siberia"]
[WhiteTeamCountry "UKR"]
[BlackTeamCountry "RUS"]

1. e4 c6 2. d4 d5 3. e5 Bf5 4. c3 e6 5. Be3 Qb6 6. Qb3 Nd7 7. Nd2 c5 8. dxc5
Bxc5 9. Qxb6 Bxb6 10. Bxb6 Nxb6 11. Ngf3 Nd7 12. Bb5 Ne7 13. Nd4 a6 14. Bxd7+
Kxd7 15. N2b3 Rhc8 16. Kd2 Bg6 17. Rhe1 Rc4 18. a4 Rf8 19. f3 f6 20. Na5 Rc7
21. b4 Nc8 22. Re2 Nb6 23. exf6 Rxf6 24. Ndb3 Kc8 25. Nc5 Bf7 26. Rae1 Re7 27.
Kc1 g5 28. h3 h6 29. Nab3 Nc4 30. a5 Kc7 31. Nd3 e5 32. Nd2 Nxd2 33. Kxd2 e4
34. fxe4 dxe4 35. Rxe4 Rxe4 36. Rxe4 Bd5 37. Re2 Rd6 38. g3 Kc6 39. Re5 Bg2 40.
h4 Bf1 41. Re3 gxh4 42. gxh4 b6 43. axb6 Kxb6 44. Rf3 Bg2 45. Rf4 a5 46. c4 Rg6
47. h5 Rg5 48. Rf6+ Kc7 49. Rg6 axb4 50. Nf4 Rf5 51. Nxg2 Rxh5 52. Nf4 Rh2+ 53.
Kd3 b3 54. Kc3 b2 55. Nd5+ Kd7 56. Rb6 h5 57. Rxb2 Rh1 58. Rb6 h4 59. Rh6 h3
60. Kd4 h2 61. Kc5 Ke8 62. Nf6+ 1-0

[Event "Olympiad-34"]
[Site "Istanbul"]
[Date "2000.11.05"]
[Round "8.2"]
[White "Ponomariov, Ruslan"]
[Black "Antonio, Rogelio Jr"]
[Result "1-0"]
[WhiteElo "2630"]
[BlackElo "2547"]
[Annotator "Lukacs,P"]
[PlyCount "80"]
[EventDate "2000.10.28"]
[EventType "team-swiss"]
[EventRounds "14"]
[EventCountry "TUR"]
[SourceTitle "EXT 2001"]
[Source "ChessBase"]
[SourceDate "2000.11.22"]
[SourceVersion "1"]
[SourceVersionDate "2000.11.22"]
[SourceQuality "1"]
[WhiteTeam "Ukraine"]
[BlackTeam "Philippines"]
[WhiteTeamCountry "UKR"]
[BlackTeamCountry "PHI"]

1. e4 c6 2. d4 d5 3. Nc3 dxe4 4. Nxe4 Nd7 5. Ng5 Ngf6 6. Bd3 e6 7. N1f3 Bd6 8.
Qe2 h6 9. Ne4 Nxe4 10. Qxe4 Qc7 11. O-O c5 (11... b6 12. Qg4 {
Ponomariov-Galkin, Lausanne Young Masters 2000 CBM 78}) 12. Re1 $5 (12. Qg4 {
is the popular main line these days.}) 12... c4 $6 {Black wants to secure an
excellent square for his N on d5. However White can quickly attack >< c4.} (
12... cxd4 13. Bd2 {trying to be as flexible as possible.} Nf6 14. Qxd4 Qc5 15.
Qh4 Qh5 16. Qxh5 Nxh5 17. Rad1 Nf6 18. Bb5+ Ke7 19. Nd4 g6 20. Be2 a6 21. Bf3
Nd7 22. g3 Rb8 23. Bg2 Nf8 24. c4 Bd7 25. Bc3 $14 {with slightly better
chances in the _|_, Rytshagov-Engquist, Stockholm 1997.}) (12... a6 $6 {
seems to be very slow.} 13. Qg4 Kf8 14. c3 c4 15. Bc2 b5 16. Qh3 Bb7 17. Nd2 {
/\ Ne4} Bf4 18. Ne4 g6 19. Bxf4 Qxf4 20. Re3 h5 21. g3 Qf5 22. Qh4 Qd5 23. Bd1
Nb6 24. Bf3 $16 {and Black still cannot connect his rooks, Vallejo
Pons-Arlandi, Toscolano op 1997.}) (12... Nf6 13. Qh4 Bd7 14. dxc5 Qxc5 15. Be3
Qh5 16. Qxh5 Nxh5 17. Bd4 Nf6 18. Ne5 Bxe5 19. Rxe5 O-O 20. c3 Bc6 21. a4 $14 {
^^ and P majority on the <<, Bojkovic-Kostic,JUG-ch51 (Women) 1998.}) 13. Bf1
Nf6 (13... O-O 14. Qh4 Re8 15. Bd2 b5 16. a4 {Black has no time to consolidate
his <<.} Rb8 17. d5 Ne5 18. Nxe5 Bxe5 19. axb5 exd5 20. Ba5 Qd6 21. Bc3 Bb7 22.
Rxe5 Rxe5 23. Bxe5 Qxe5 24. Rxa7 d4 25. Bxc4 Bd5 26. Bf1 Rc8 27. Rd7 $18 {
Djurhuus-Evseev, NOR-chT 1998}) 14. Qe2 $1 {provoking the weakening of the <<.}
b5 (14... c3 15. bxc3 Qxc3 16. Qb5+ $1 (16. Rb1 O-O 17. Rb3 Qc7) 16... Bd7 $1 (
16... Nd7 17. Bb2 Qxc2 18. Rac1 Qg6 19. d5 $16 {with a huge advantage of
development.}) 17. Qxb7 Rb8 18. Qxa7 (18. Bd2 Rxb7 19. Bxc3 Rc7) 18... Qxa1 19.
Bf4 Qxe1 20. Bxd6 $1 Qb1 21. Bxb8 Qxc2 (21... O-O 22. Bd6 Bb5 (22... Rc8 23. c4
) 23. Nd2 $16) 22. Bd6 Ng4 23. d5 exd5 24. Bc5 $16 {and the black K remains in
the [+].}) 15. a4 $1 Bb7 $2 (15... Bd7 16. Ne5 $1 {This is the strong
continuation.} (16. axb5 {may win a P...} Bxb5 17. b3 (17. Bd2 O-O 18. Ba5 Qb7
19. Ne5 Rab8 20. Qd2) 17... Rc8 18. bxc4 Bxc4 19. Qxc4 Qxc4 20. Bxc4 Rxc4 21.
Rxa7 O-O 22. Re2 Rfc8 $44 {with a good pressure against the backward P
compensating the material disadvantage.}) 16... Bxe5 (16... a6 17. Nxd7 Bxh2+
18. Kh1 Nxd7 19. axb5 Bd6 20. bxa6 $16 {o^ a}) (16... O-O 17. Nxd7 Nxd7 (17...
Qxd7 18. axb5 Qxb5 19. Qxc4) 18. axb5 Bxh2+ 19. Kh1 Bd6 20. Qxc4 Qd8 21. g3 $16
{with a healthy P up.}) 17. dxe5 Nd5 18. Qg4 $16) 16. axb5 Bd5 17. b3 $1 cxb3 (
17... c3 18. Ba3 Bxa3 19. Rxa3 O-O 20. Ne5 {was not rosy either.}) 18. c4 $1 {
This is the point. Now White's phalanx is threatening to move forward.} Be4 (
18... Bb7 19. c5) (18... Bxf3 19. Qxf3) 19. c5 Be7 20. Ra3 Bd5 21. Nd2 O-O 22.
Nxb3 $18 {and the P plus the game is lost.} Nd7 23. Nd2 Bf6 24. Bb2 Rfe8 (24...
Nxc5 $2 25. Rc1 $18) 25. Ne4 Be7 26. Nc3 Nf6 27. Nxd5 exd5 28. Re3 Bf8 29. Qf3
Re4 30. h3 Rf4 31. Qd1 Ne4 32. R1e2 Qd7 33. g3 Rf6 34. Qd3 Rb8 35. c6 Qc8 36.
Bg2 Nd6 37. Bxd5 Rxb5 38. Bg2 Qb8 39. Ba3 a6 40. Qc2 Qc7 1-0

[Event "Olympiad-34"]
[Site "Istanbul"]
[Date "2000.11.07"]
[Round "10.2"]
[White "Georgiev, Kiril"]
[Black "Ponomariov, Ruslan"]
[Result "1/2-1/2"]
[WhiteElo "2661"]
[BlackElo "2630"]
[Annotator "Huzman,A"]
[PlyCount "61"]
[EventDate "2000.10.28"]
[EventType "team-swiss"]
[EventRounds "14"]
[EventCountry "TUR"]
[SourceTitle "EXT 2001"]
[Source "ChessBase"]
[SourceDate "2000.11.22"]
[SourceVersion "1"]
[SourceVersionDate "2000.11.22"]
[SourceQuality "1"]
[WhiteTeam "Bulgaria"]
[BlackTeam "Ukraine"]
[WhiteTeamCountry "BUL"]
[BlackTeamCountry "UKR"]

1. c4 Nf6 2. Nf3 g6 3. Nc3 Bg7 4. e4 d6 5. d4 O-O 6. Be2 e5 7. O-O Nc6 8. d5
Ne7 9. b4 Nh5 10. Re1 f5 11. Ng5 Nf6 12. Bf3 c6 13. b5 cxd5 14. cxd5 h6 (14...
fxe4 15. Ngxe4 Nxe4 16. Nxe4 Nf5 17. Ba3 h5 18. Be2 Bh6 19. Qd3 Kg7 20. Bb4 Qe7
21. Qa3 Rd8 22. Bd3 Kh7 23. b6 $16 {1-0 Najer,E-Shinkevich,V/RUS-Cup Bor 2000/
CA (32)}) 15. Ne6 Bxe6 16. dxe6 Rc8 (16... fxe4 17. Nxe4 Nxe4 18. Bxe4 d5 19.
Ba3 dxe4 20. Qxd8 Rfxd8 21. Bxe7 Re8 22. Bc5 Rxe6 (22... b6 23. Be3 Rxe6 24.
Rac1 Kf7 25. Red1 Bf6 26. Rc4 Rd8 27. Rxd8 Bxd8 28. Ra4 Re7 29. Kf1 g5 30. Rxe4
$14 {. 1/2-1/2 Dumitrache,D-Bagaturov,G/Memorial A.Momot, VI Enakievo (Ukraine)
1997 (39)}) 23. Rxe4 (23. Rad1 b6 24. Bb4 a6 25. bxa6 Bf8 26. Rxe4 Bxb4 27.
Rxb4 Rxa6 28. a4 Ra7 $14 {1/2-1/2 Dumitrache,D-Motylev,A/Bucharest GM October
1998}) 23... a6 24. b6 Rc8 25. Be3 Bf6 $11 {1/2-1/2 Babula,V-Degraeve,J/
Istanbul TUR 2000/The Week in Chess 313 (37)}) 17. Qb3 d5 $146 (17... Rxc3 18.
Qxc3 d5 (18... fxe4 19. Bxe4 Nxe4 20. Rxe4 d5 21. Rxe5 Rf5 (21... Qb6 $2 22.
Be3 d4 23. Qxd4 $8 Qxd4 24. Bxd4 Rd8 25. Rc1 $5 $8) 22. f4 $14 d4 23. Qc4 $5)
19. Ba3 (19. exd5 e4 20. d6 $13) 19... fxe4 20. Be2 $5) (17... fxe4 $2 18. Nxe4
Nxe4 19. Bxe4 d5 20. Rd1 $16 Qb6 21. Be3) 18. Nxd5 (18. exd5 e4 19. d6 (19. Ba3
Ne8 $1) 19... Qxd6 20. Ba3 Qc7 21. Be2 Ng4 22. Bxg4 Bxc3 $17) 18... Nfxd5 19.
exd5 e4 20. d6 $1 Rc3 (20... Qxd6 21. Ba3 Qb6 22. Bxe7 Rfe8 23. Bd8 (23. Ba3
Rc3 24. Qa4 exf3 $36) 23... Qxe6 24. Qxe6+ Rxe6 25. Rad1 Re8 $11) 21. Ba3 (21.
dxe7 $142 Qxe7 22. Qa4 exf3 23. Bb2 Rd3 24. Bxg7 Kxg7 25. Qxa7 fxg2 26. Rac1
$13) 21... Rxb3 22. dxe7 Rxa3 23. exd8=Q Rxd8 24. Rad1 Bf6 (24... Rc8 $5 25. e7
(25. Be2 Bc3 26. Rf1 (26. Rc1 Kf8 27. Bd1 Rxa2 $17) 26... Kf8 27. Rd7 Rxa2 28.
Rfd1 Ba5 (28... Rxe2 29. e7+ Ke8 30. Rd8+ Kxe7 31. Rxc8 Bd4 32. Rc7+ Ke6 33.
Rf1 Rb2 34. Rxb7 Bb6 $15) 29. Rf7+ Ke8 30. Rg7 Rc7 $17) 25... Re8 26. Be2 Kf7
27. Rd7 Rxe7 28. Bc4+ Ke8 29. Rxe7+ Kxe7 30. Bb3 $15) 25. Be2 Kf8 26. Rxd8+
Bxd8 27. Rd1 Bg5 28. Bc4 $11 Rc3 29. Bb3 Rc1 30. Rxc1 Bxc1 31. Kf1 1/2-1/2

[Event "FIDE-Wch k.o."]
[Site "New Delhi/Teheran"]
[Date "2000.11.28"]
[Round "1.2"]
[White "Dao, Thien Hai"]
[Black "Ponomariov, Ruslan"]
[Result "1-0"]
[WhiteElo "2555"]
[BlackElo "2630"]
[Annotator "Huzman,A"]
[PlyCount "133"]
[EventDate "2000.11.27"]
[EventType "k.o."]
[EventRounds "7"]
[EventCountry "IND"]
[SourceTitle "CBM 080"]
[Source "ChessBase"]
[SourceDate "2001.01.25"]
[SourceVersion "1"]
[SourceVersionDate "2001.01.25"]
[SourceQuality "1"]

1. d4 {Hecht} Nf6 2. c4 g6 3. Nc3 Bg7 4. e4 d6 5. Nf3 O-O 6. h3 e5 7. d5 Na6 8.
g4 Nc5 9. Qc2 a5 10. Be3 c6 11. g5 $146 (11. Nd2 a4 (11... Ne8 12. O-O-O cxd5
13. cxd5 a4 14. Kb1 Bd7 15. Rc1 a3 16. b3 Rc8 17. Qd1 Qa5 18. Nc4 Qd8 19. Nxa3
$16 {0-1 Ramirez J-Villaseco F/Memorial J.Capablanca Cuba 1990 (39)}) 12. dxc6
bxc6 13. Bxc5 dxc5 14. Nxa4 Qd4 15. Bg2 Be6 16. Rc1 Qd6 17. Rd1 Rfd8 18. O-O
Qe7 19. b3 Rd4 $44 {0-1 Hilarius,S-Torres Sanchez,J/Mislata op 1999/}) (11.
dxc6 bxc6 12. O-O-O Qe7 13. Bxc5 dxc5 14. Be2 Rb8 15. Rd2 Ba6 16. Rhd1 Rb4 17.
a3 Rb7 18. Qa4 Qc7 19. Kb1 Rfb8 20. Rg1 Rb3 21. Ka1 Qb6 $17 {0-1 Bukhari,
M-Saleh,N/Dubai 1986/TD (33)}) (11. O-O-O cxd5 12. cxd5 (12. exd5 Ne8 13. Nd2
f5 14. gxf5 Bxf5 15. Nde4 Nxe4 16. Nxe4 b5 $36 {0-1 Cosma ,I-Grigore G./
Bucuresti TS 1990 (50)}) 12... b6 13. Bxc5 bxc5 14. Bb5 Rb8 15. Nd2 Ne8 16. Nc4
f5 17. f3 Nc7 18. a4 fxg4 19. fxg4 Rf3 20. Qg2 Bh6+ 21. Kc2 Rf4 $13 {1-0
Rodriguez,R-Dydyshko,V/Bangalore 1981/MCD (41)}) 11... Nh5 (11... Nfd7 12.
O-O-O Qc7 13. h4 $36) 12. O-O-O {[%cal Gd1d8]} cxd5 (12... Qc7 $5 13. Bxc5 dxc5
14. d6 Qd8 15. Na4 b6 16. Qb3 Ra6 $13) 13. Nxd5 b6 14. Nd2 Bb7 15. h4 Nf4 (
15... f5 16. gxf6 (16. Be2 Bxd5 17. exd5 (17. cxd5 Rc8 $17) 17... e4 $36) 16...
Bxf6 $5 (16... Nxf6 17. Nxf6+ Qxf6 18. h5 $36) 17. Be2 Nf4 $132) 16. Kb1 (16.
Nxf4 exf4 17. Bxf4 f5 $1 $44) 16... Rc8 {[%cal Yc8c2] /\17...b5} (16... Bxd5
17. cxd5 (17. exd5 f5 $132) 17... Rc8 18. Rc1 f5 19. Bxf4 (19. gxf6 Qxf6 20.
Nc4 $14) 19... exf4 20. exf5 gxf5 21. Bb5 Ne4 22. Bc6 Nxf2 23. Rhf1 Ng4 24.
Rxf4 $16) (16... Nxd5 $6 17. exd5 b5 18. Bxc5 dxc5 19. Ne4 $16) 17. Bxf4 $5
exf4 18. Bh3 Ne6 19. Qb3 Bc6 (19... Nd4 20. Qxb6 Bxd5 21. Qxd8 Bxe4+ 22. Nxe4
Rcxd8 23. Nf6+ Bxf6 24. gxf6 Nf3 25. Rd5 $16) (19... Bxd5 20. cxd5 (20. exd5
Nc5 21. Qf3 (21. Qb5 Rc7 $15 22. Qxb6 $140 $4 Rb7 $19) 21... Rb8 22. Qxf4 b5
$44) 20... Nc5 21. Qb5 Rc7 22. f3 {[%cal Gd2c4]} Qe8 23. Bf1 $14 {[%csl Rb6,
Rd6]}) 20. Nf3 Rb8 $1 {[%cal Yb6b5]} 21. Bxe6 fxe6 22. Nc3 a4 (22... Bxc3 23.
Qxc3 Bxe4+ 24. Ka1 b5 $1 (24... Qc7 25. Rhe1 (25. h5 gxh5 26. Rxh5 b5) 25...
Bf5 26. Nd4 $44) 25. cxb5 (25. Rhe1 b4 $19) (25. Nd4 Bxh1 26. Nxe6 Qe7 27. Nxf8
Ba8 $19) 25... Qc8 $1 26. Qa3 (26. Qb3 Bc2 $19) 26... Qb7 27. Rh3 Qxb5 $17) 23.
Qc2 b5 (23... Bxc3 24. bxc3 b5 25. c5 b4 26. Rxd6 b3 (26... bxc3+ 27. Ka1 Qc7
28. Nd4 Bd5 (28... Bd7 29. Qxc3 $16) 29. Qxc3 Bxe4 30. Re1 $16)) 24. Nd4 $1
Bxd4 25. Rxd4 b4 $2 {[%mdl 16384]} (25... e5 $5 26. Rd2 bxc4 27. a3 (27. Nd5
Bxd5 28. Rxd5 a3 $17) 27... Rf7 28. h5 Rfb7 $36) 26. Nb5 $1 b3 27. Qd3 $1 d5
28. exd5 exd5 29. Rd1 bxa2+ 30. Kxa2 Qb6 31. Rd2 Rf7 (31... Bxb5 32. cxb5 Qxb5
33. Qxb5 Rxb5 34. Rxd5 $14 {[%csl Ra4,Rf4]}) 32. Na3 Re7 (32... dxc4 33. Qxc4 (
33. Nxc4 Qb3+ 34. Qxb3 axb3+ 35. Kb1 Re8 $11) 33... Qb3+ 34. Ka1 Qxc4 35. Nxc4
$14) 33. cxd5 Re1 34. b4 $1 (34. Nb1 $2 Bd7 35. Rxf4 Qb3+ 36. Ka1 Rc8 $19)
34... axb3+ 35. Kb2 Bd7 36. d6 Be6 $2 (36... Qc5 37. Qc4+ (37. Rc4 Qe5+ 38. Qc3
Qf5 $36) 37... Qxc4 38. Nxc4 Bf5 $132) 37. d7 Rd8 38. Qc3 $16 Bf7 39. Rd6 Qb7
$2 (39... Qa7 $142 40. Qf6 Qa5 {[%cal Ya5d2]}) 40. Qf6 Qb8 41. Rc6 $1 $18 Kf8
42. Rc8 Rxc8 43. dxc8=Q+ Qxc8 44. Rd8+ Qxd8 45. Qxd8+ Re8 46. Qd6+ Kg8 47. Qxf4
Re2+ 48. Kc3 Ra2 49. Nc4 $5 (49. Kb4 b2 50. Nb1 $18) 49... Rc2+ 50. Kxb3 Rxc4
51. Qxc4 Kf8 52. Kc3 Bxc4 53. Kxc4 {Hecht: '[#] Ausnutzen des Raums durch
zweifachen Zugzwang und Markieren einer Bauernschwäche mittels Durchbruch nach
Zurechtstellung des Königs. Ein kleines Lehrstück!'} Ke7 54. Kd5 Kd7 55. Ke5
Ke7 56. f3 $1 (56. f4 {Hecht} Kf7 57. h5 (57. Kd6 Kf8 58. Ke6 Ke8 59. Kf6 Kf8
60. h5 gxh5 61. Ke5 h4 62. Ke4 h6 63. g6 $18) 57... Ke7 58. h6 (58. hxg6 hxg6
$11) 58... Kf7 59. Kd6 Kf8 60. Ke6 Kg8 61. Ke7 Kh8 $11) 56... Kf7 57. Kd6 Kf8
58. Ke6 Ke8 59. Kf6 Kf8 60. f4 {'!' Hecht. Hecht: 'erst jetzt!'} Kg8 61. Ke7
Kg7 (61... Kh8 {Hecht} 62. Kf7 h6 63. h5 $18 (63. Kxg6 $18)) 62. h5 $1 {
Hecht: 'erst jetzt!'} h6 (62... Kg8 {Hecht} 63. hxg6 hxg6 64. Kf6 Kh7 65. Kf7
Kh8 66. f5 $18) 63. gxh6+ Kxh6 64. hxg6 Kxg6 65. Ke6 Kg7 66. f5 Kf8 67. Kf6 1-0